|
|
|
|
| LEADER |
00000cam a2200000 7i4500 |
| 001 |
0000008834 |
| 005 |
20160921.0 |
| 008 |
160824 my eng |
| 020 |
|
|
|a 9834048009
|
| 040 |
|
|
|a INS
|
| 090 |
0 |
0 |
|a HD7287
|b G44 2001
|
| 100 |
1 |
|
|a Geh, Michael
|
| 245 |
1 |
0 |
|a Penang condominiums & apartments guide book 2000/2001
|c Michael Geh
|
| 260 |
|
|
|a Malaysia :
|b Raine & Horne International Zaki+Partners ,
|c 2001
|
| 300 |
|
|
|a x, 208p. :
|b col., ill. ;
|c 25 cm.
|
| 500 |
|
|
|a Includes indexs
|
| 650 |
|
0 |
|a Condominium
|x Guidebooks
|z Pulau Pinang
|
| 650 |
|
0 |
|a House buying
|x Guidebooks
|z Pulau Pinang
|
| 999 |
|
|
|a 0000021821
|b BOOK
|c Open Shelf
|e Default branch
|